00353nam a2200145Ia 45000030006000000050017000060080041000230400009000640410012000730820016000851000025001012450064001262600009001903000008001990Nust20170105110306.0161124s9999 xx 000 0 und d cIGIS aEnglish a627.52bWAG aGhulam Hussain Wagan aPakistan,S Security Problems &Challenges in the Next Decade c2008 a267